000 00790cab a2200265 4500
001 WB3407-25
008 090401t1998 xxu||||| |||| 00| 0 eng d
035 _a(Sirsi) u84349
041 _aeng
245 _aHousing standards
260 _c1998
350 _a0
490 _aBuilding Design
_v13 February 1998, 1(1)
520 _aHousing associations are calling for a benchmark to measure aesthetic quality to be included in the new government guidelines on public housing standards.
650 _aAESTHETIC GUIDELINES
650 _aDEGW
650 _aHOUSING ASSOCIATIONS
650 _aHOUSING DESIGN
650 _aHOUSING QUALITY INDICATORS
650 _aPARKER MORRIS STANDARDS
650 _aPUBLIC HOUSING
690 _aHOUSING
942 _n0
948 _c19/02/1998
999 _c53011
_d53011